000 004180000a22001690004500
003 LK-CoMWRAF
005 20230926103631.0
008 230817t ||||| |||| 00| 0 eng d
040 _aLK-CoMWRAF
_dLK-CoMWRAF
_eLK-CoMWRAF
041 _aeng
082 _a297
_bISL
245 _aIslam :
_bAt a glance
260 _aSri Lanka :
_bIslamic Da'haw society of Sri Lanka,
300 _a54p
650 _aIslam
942 _cBK
999 _c1065
_d1065